Hafız : lafzın hamili mananın amili I / (Kayıt no. 9922)

MARC ayrıntıları
000 -BAŞLIK
Sabit Uzunluktaki Kontrol Alanı 00556nam a22001937a 4500
003 - KONTROL NUMARASI KİMLİĞİ
Kontrol Alanı KOHA_MİRAKIL
005 - EN SON İŞLEM TARİHİ ve ZAMANI
Kontrol Alanı 20251224135831.0
008 - SABİT UZUNLUKTAKİ VERİ ÖGELERİ - GENEL BİLGİ
Sabit Alan 251224b tu ||||| |||| 00| 0 tur d
020 ## - ISBN - ULUSLARARASI STANDART KİTAP NUMARASI
Isbn 9789751970725
040 ## - KATALOGLAMA KAYNAĞI
Özgün Kataloglama Kurumu TR-AnABB
Kataloglama Dili tur
Çeviri Kurumu TR-AnABB
041 ## - DİL KODU
Metin ya da ses kaydının dil kodu tur
082 ## - DEWEY ONU SINIFLAMA SİSTEMİ
Sınıflama Numarası 297.237
Cutter numarası ESE 2018
100 1# - KİŞİ ADI
Yazar Adı (Kişi adı) Esen, Bilal,
245 10 - ESER ADI BİLDİRİMİ
Başlık Hafız : lafzın hamili mananın amili I /
Sorumluluk Bildirimi Bilal Esen
260 ## - YAYIN, DAĞITIM, VB.
Yayın Yeri İzmir :
Yayınevi Diyanet İşleri Başkanlığı,
Yayın Tarihi 2018
300 ## - FİZİKSEL TANIMLAMA
Sayfa, Cilt vb. 200 sayfa ;
Boyutları 24 cm
650 04 - KONU BAŞLIĞI EK GİRİŞ - KONU TERİMİ
Konusal terim veya coğrafi ad Ayetler ve sureler
942 ## - EK GİRİŞ ÖGELERİ (KOHA)
Sınıflama Kaynağı Dewey Decimal Classification
Materyal Türü Kitap
900 ## - YEREL BİLGİ
Kontrol Gizem YORULMAZ
Mevcut
Geri Çekilme Durumu Kayıp Durumu Sınıflandırma Kaynağı Kredi için değil Kalıcı Konum Mevcut Konum Kayıt Tarih Toplam Ödünçverme Yer Numarası Demirbaş Numarası Son Görülme Tarihi Fatura Tarihi Materyal Türü
    Dewey Decimal Classification   Büyükşehir Genç Akademi Batıkent Büyükşehir Genç Akademi Batıkent 24/12/2025   297.237 ESE 2018 ABB126210 24/12/2025 24/12/2025 Kitap